000 00810nam a2200229 ar4500
001 1087
005 20221127090133.0
008 081214s xxua 00110|eng d
020 _a0071238107(pbk) :`
_cSR204.00
082 0 4 _a658.4032
_bH558 2003
100 1 _aHillier, Frederick S.
245 1 0 _aIntroduction to management science :
_ba modeling and case studies approach with spreadsheets /
_cF. Hillier, Mark. Hillier.
250 _a2nd ed.
260 _aBoston, Mass. :
_bMcGraw-Hill,
_c2003.
300 _axix, 870 p. :
_bill. ;
_c28 cm.
_e3 CD.
440 0 _aMcGraw-Hill/Irwin series in operations and decision sciences.
500 _aIncludes index.
650 4 _aManagement science.
650 4 _aOperations research.
650 4 _aManagement
_vCase studies.
700 0 _aHillier, Mark S.,
_ejt. auth.
999 _c1086
_d1086